| 000 | 03951cam a22012134i 4500 | ||
|---|---|---|---|
| 003 | PE-LiUPU | ||
| 005 | 20250813185606.0 | ||
| 008 | 150706s2010 sp r 000 0 spa d | ||
| 020 | _a9875911992 | ||
| 020 | _a9789875911994 | ||
| 035 | _a(Sirsi) i9789875911994 | ||
| 040 |
_aPE-LiUPU _bspa _cPE-LiUPU _dPE-LiUPU _erda |
||
| 049 | _aPRUA | ||
| 082 | 0 | 4 |
_a362.29 _bA2 _221 |
| 245 | 0 | 0 |
_aAdicciones nuevos paraísos artificiales : _bindagaciones en torno de los jóvenes y sus consumos / _ccompilador, Margarita Barrón. |
| 264 | 1 |
_aCórdoba : _bBrujas, _c2010. |
|
| 300 |
_a314 páginas ; _c24 centímetros. |
||
| 336 |
_atext _2rdacontent |
||
| 337 |
_aunmediated _2rdamedia |
||
| 338 |
_avolume _2rdacarrier |
||
| 490 | 0 | _aAdolescencia educación y salud | |
| 505 | 0 | _aSujetos y contextos -- La drogadicción en el contexto socio cultural e histórico actual. Una reflexión para todos aquellos que les preocupa la educación y la prevención -- Adicciones y jóvenes -- Las adicciones -- Adicciones a sustancias. Evolución de la conducta en los adolescentes de la provincia de Córdoba -- Adolescentes, escuela y consumo de alcohol -- Algunas consideraciones -- La ciudad y los porros. Una mirada a las adicciones adolescentes desde la música y la literatura -- Dependencia psicológica hacia las tecnologías de información y comunicación -- Los trastornos de la conducta alimentaria ¿una forma de adicción? -- La obesidad como adicción -- El tiempo libre no es un tiempo vacío -- Las propuestas -- Promoviendo salud en adolescentes y jóvenes: ¿Realidad o utopía? -- "Los educadores sociales ante las drogas" -- Prevención del consumo de sustancias basado en la educación en habilidades para la vida -- Redes, ¿Por qué y para qué? -- ¿Despenalizar la tenencia para consumo? -- A modo de cierre. | |
| 526 | _aP202 | ||
| 526 | _aP201 | ||
| 526 | _aP163 | ||
| 526 | _aP162 | ||
| 526 | _aP161 | ||
| 526 | _aP160 | ||
| 526 | _aP148 | ||
| 526 | _aP147 | ||
| 526 | _aP146 | ||
| 526 | _aP145 | ||
| 526 | _aP144 | ||
| 526 | _aP143 | ||
| 526 | _aP142 | ||
| 526 | _aP141 | ||
| 526 | _aP140 | ||
| 526 | _aP139 | ||
| 526 | _aP138 | ||
| 526 | _aP137 | ||
| 526 | _aP136 | ||
| 526 | _aP135 | ||
| 526 | _aP134 | ||
| 526 | _aP133 | ||
| 526 | _aP129 | ||
| 526 | _aP128 | ||
| 526 | _aP127 | ||
| 526 | _aP120 | ||
| 526 | _aP119 | ||
| 526 | _aP118 | ||
| 526 | _aP116 | ||
| 526 | _aP115 | ||
| 526 | _aP114 | ||
| 526 | _aP110 | ||
| 526 | _aP109 | ||
| 526 | _aP108 | ||
| 526 | _aP104 | ||
| 526 | _aP103 | ||
| 526 | _aP102 | ||
| 526 | _aP99 | ||
| 526 | _aP98 | ||
| 526 | _aP97 | ||
| 526 | _aP96 | ||
| 526 | _aP95 | ||
| 526 | _aP93 | ||
| 526 | _aP90 | ||
| 526 | _aP89 | ||
| 526 | _aP88 | ||
| 526 | _aP83 | ||
| 526 | _aP82 | ||
| 526 | _aP62 | ||
| 526 | _aP59 | ||
| 526 | _aP58 | ||
| 526 | _aP57 | ||
| 526 | _aP51 | ||
| 526 | _aP49 | ||
| 526 | _aP48 | ||
| 526 | _aP47 | ||
| 526 | _aP29 | ||
| 526 | _aP24 | ||
| 526 | _aP20 | ||
| 526 | _aP19 | ||
| 526 | _aP17 | ||
| 526 | _aP15 | ||
| 526 | _aP14 | ||
| 526 | _aP12 | ||
| 526 | _aP10 | ||
| 526 | _aP09 | ||
| 526 | _aP08 | ||
| 526 | _aP07 | ||
| 526 | _aP06 | ||
| 526 | _aP05 | ||
| 526 | _aP04 | ||
| 526 | _aP01 | ||
| 541 | _g001-003364; | ||
| 650 | 1 | 4 |
_aToxicomanía _xAspectos psicológicos. |
| 700 | 1 |
_aBarrón, Margarita, _ecompilador. |
|
| 910 | _agl20110905 | ||
| 942 |
_2ddc _cBOOK |
||
| 949 |
_a362.29 A2 _wDEWEY _c1 _i63573 _lCCODEBUL1 _mBUL _p36.00 _r0 _sY _tBOOK _u2015-7-6 _xSALUD _PP33 _o.STAFF. Colección Ciencias de la Salud |
||
| 994 |
_aC0 _bPEPRU |
||
| 596 | _a1 | ||
| 999 |
_a362.29 A2 _wDEWEY _c52481 _i63573 _d52481 _e2019-6-6 _f2021-11-3 _g5 _lCCODEBUL1 _mBUL _n4 _p36.00 _q6 _r0 _sY _tBOOK _u2015-7-6 _xSALUD _zP33 _0COMPRA _o.STAFF. Colección Ciencias de la Salud |
||
| 980 |
_81 _gALBERTO SANCHEZ Responsable de Automatización |
||